[Event "Open A Befana"]
[Site "Milano ITA"]
[Date "2011.01.03"]
[Round "3"]
[White "Astengo, Corrado"]
[Black "Pelizzola, Danilo"]
[Result "1/2-1/2"]
[WhiteElo "2146"]
[BlackElo "2061"]
[PlyCount "121"]
[EventDate "2011.01.02"]

1. e4 e5 2. Nf3 Nf6 3. d4 Nxe4 4. Bd3 d5 5. dxe5 Be7 6. O-O Nc6 7. c3 Bg4 8.
Bf4 Qd7 9. Bxe4 dxe4 10. Qxd7+ Kxd7 11. Nfd2 g5 12. Bg3 e3 13. fxe3 Be6 14. Nb3
Bxb3 15. axb3 Ke6 16. Nd2 Rad8 17. Nf3 Rd3 18. Nd4+ Nxd4 19. exd4 a6 20. b4 c6
21. Rad1 Rxd1 22. Rxd1 Ra8 23. Kf2 a5 24. bxa5 Rxa5 25. Ke3 Ra2 26. Rd2 b5 27.
Kd3 Ra1 28. Ke4 Ra2 29. Rf2 Ra1 30. b3 Rb1 31. c4 Re1+ 32. Kd3 bxc4+ 33. bxc4
Rc1 34. Rb2 h5 35. Rc2 Rg1 36. Re2 Ra1 37. Be1 Ra3+ 38. Bc3 Bb4 39. Rc2 Ba5 40.
Kd2 Bc7 41. Rb2 Ra1 42. Rb7 Ra2+ 43. Kd3 Kd7 44. d5 cxd5 45. cxd5 Kc8 46. Rb2
Ra3 47. Kc4 Rxc3+ 48. Kxc3 Bxe5+ 49. Kc2 Bxb2 50. Kxb2 Kd7 51. Kc3 Kd6 52. Kd4
f5 53. Kc4 h4 54. Kd4 g4 55. Kc4 f4 56. Kd4 h3 57. gxh3 f3 58. Ke3 gxh3 59.
Kxf3 Kxd5 60. Kg4 Ke6 61. Kxh3 1/2-1/2

[Event "Open A Befana"]
[Site "Milano ITA"]
[Date "2011.01.03"]
[Round "3"]
[White "Attuati, Stefano"]
[Black "Deghi, Donatello"]
[Result "1/2-1/2"]
[WhiteElo "1983"]
[BlackElo "1822"]
[PlyCount "113"]
[EventDate "2011.01.02"]

1. e4 c6 2. d4 d5 3. Nc3 dxe4 4. Nxe4 Bf5 5. Ng3 Bg6 6. h4 h6 7. Nf3 Nd7 8. h5
Bh7 9. Bd3 Bxd3 10. Qxd3 Ngf6 11. Bd2 e6 12. O-O-O Qc7 13. Qe2 O-O-O 14. Ne5
Nxe5 15. dxe5 Nd7 16. f4 Be7 17. c4 b6 18. b4 Qb7 19. Ne4 Nb8 20. Rh3 Qa6 21.
Kb2 Rd4 22. Rc1 Rhd8 23. Rc2 Qb7 24. Rb3 f5 25. Nd6+ Bxd6 26. exd6 Qd7 27. c5
Qb7 28. Qxe6+ Qd7 29. Qxd7+ Kxd7 30. Ra3 bxc5 31. bxc5 Ke6 32. Rxa7 Nd7 33. Ba5
Rb8+ 34. Kc3 Rxf4 35. Re2+ Re4 36. Rxe4+ fxe4 37. Kd4 e3 38. Rc7 Rb5 39. Bb6
Nxb6 40. Re7+ Kf6 41. cxb6 Rxb6 42. Kc5 Ra6 43. Rxe3 Rxa2 44. Kb6 Rxg2 45. d7
Rd2 46. Kc7 Kg5 47. Rh3 g6 48. hxg6 Kxg6 49. d8=Q Rxd8 50. Kxd8 h5 51. Kd7 Kg5
52. Kxc6 Kg4 53. Rh1 h4 54. Kd5 Kg3 55. Ke4 h3 56. Rg1+ Kf2 57. Rg6 1/2-1/2

[Event "Open A Befana"]
[Site "Milano ITA"]
[Date "2011.01.03"]
[Round "3"]
[White "Barberi, Alessandro"]
[Black "Cattaneo, Marco"]
[Result "0-1"]
[WhiteElo "2084"]
[BlackElo "1948"]
[PlyCount "34"]
[EventDate "2011.01.02"]

1. d4 f5 2. Nc3 Nf6 3. Bg5 d5 4. f3 Nc6 5. Qd2 e6 6. O-O-O Bb4 7. Kb1 O-O 8.
Nh3 b5 9. e4 fxe4 10. fxe4 dxe4 11. Bxb5 Ne7 12. a3 Bxc3 13. Qxc3 Ned5 14. Qg3
Rb8 15. Be2 Qe7 16. Bc1 e3 17. Bd3 Qxa3 0-1

[Event "Open A Befana"]
[Site "Milano ITA"]
[Date "2011.01.03"]
[Round "3"]
[White "Bemporad, Filippo"]
[Black "Quaranta, Cristiano"]
[Result "0-1"]
[WhiteElo "2057"]
[BlackElo "2134"]
[PlyCount "92"]
[EventDate "2011.01.02"]

1. d4 Nf6 2. Nf3 e6 3. g3 b5 4. Bg2 Bb7 5. O-O c5 6. b3 cxd4 7. Qxd4 Nc6 8. Qd3
a6 9. Bb2 Be7 10. c3 d5 11. Na3 O-O 12. Nc2 Qc7 13. Ncd4 Rac8 14. Rac1 Nb8 15.
Nd2 Nbd7 16. e3 Rfd8 17. Qe2 Nc5 18. Rfd1 Bf8 19. N4f3 Qb6 20. Ne5 a5 21. Nd3
Nxd3 22. Qxd3 a4 23. Qe2 Bc5 24. c4 bxc4 25. Bxf6 gxf6 26. bxc4 f5 27. Qh5 Be7
28. cxd5 Rxc1 29. Rxc1 Bxd5 30. Bxd5 Rxd5 31. Nf3 Qb2 32. Rc7 Qf6 33. Nd4 Bf8
34. Qe2 Qe5 35. Qc4 a3 36. Rc8 Kg7 37. Qc6 Rc5 38. Qd7 Rxc8 39. Qxc8 Qd5 40.
Qc2 Qb7 41. Qc4 Qb1+ 42. Kg2 Qe4+ 43. f3 Qxe3 44. Ne2 Bc5 45. Nf4 Qd4 46. Qb3
Qb2+ 0-1

[Event "Open A Befana"]
[Site "Milano ITA"]
[Date "2011.01.03"]
[Round "3"]
[White "Bisignano, Giuseppe"]
[Black "Cani, Gazmir"]
[Result "0-1"]
[WhiteElo "1929"]
[BlackElo "2115"]
[PlyCount "88"]
[EventDate "2011.01.02"]

1. e4 c5 2. Nf3 e6 3. d3 Nc6 4. g3 g6 5. Bg2 Bg7 6. O-O Nge7 7. c3 O-O 8. Re1
d6 9. Be3 Rb8 10. d4 b6 11. Nbd2 Bb7 12. dxc5 dxc5 13. Nc4 Ba6 14. Nd6 Qc7 15.
Qd2 Rbd8 16. Rad1 Nc8 17. e5 Nxe5 18. Bf4 Nxf3+ 19. Bxf3 e5 20. Rxe5 Rxd6 21.
Rd5 Rxd5 22. Qxd5 Qe7 23. Be4 Bf6 24. Re1 Re8 25. Kg2 Bb7 26. Qxb7 Qxb7 27.
Bxb7 Rxe1 28. Bxc8 Re2 29. b4 Rxa2 30. bxc5 bxc5 31. Be3 Rc2 32. Kf3 Rxc3 33.
Ke4 Bd4 34. Bxd4 cxd4 35. Ba6 Ra3 36. Bd3 Ra2 37. Kf3 Kg7 38. h4 f5 39. h5 Kf6
40. hxg6 hxg6 41. Bc4 Ra3+ 42. Ke2 Rc3 43. Bd3 Rxd3 44. Kxd3 Ke5 0-1

[Event "Open A Befana"]
[Site "Milano ITA"]
[Date "2011.01.03"]
[Round "3"]
[White "Gori, Andrea"]
[Black "Astengo, Marcello"]
[Result "0-1"]
[WhiteElo "2099"]
[BlackElo "2118"]
[PlyCount "94"]
[EventDate "2011.01.02"]

1. e4 c6 2. c4 g6 3. Nc3 Bg7 4. d4 d6 5. Be3 Nf6 6. f3 O-O 7. Qd2 e5 8. d5 c5
9. Nge2 Ne8 10. Nc1 f5 11. Nd3 Nd7 12. Be2 Ndf6 13. O-O f4 14. Bf2 g5 15. b4 b6
16. a4 h5 17. a5 Rb8 18. axb6 axb6 19. Ra7 Rf7 20. Rfa1 Rbb7 21. Nb5 Nh7 22.
Ra8 Bf8 23. Na7 Rbc7 24. bxc5 bxc5 25. Qa5 Qd7 26. Nb5 Rb7 27. Bxc5 g4 28. Bb6
Ng5 29. Ne1 Rg7 30. fxg4 hxg4 31. Bd8 f3 32. Bxg5 Rxg5 33. Qd2 Bh6 34. Bf1 Nf6
35. Qc2 Rg7 36. g3 Be3+ 37. Kh1 Rh7 38. Nxd6 Qxd6 39. Rxc8+ Kg7 40. Rc6 Nh5 41.
Nxf3 gxf3 42. h3 Nxg3+ 43. Kh2 Nxf1+ 44. Rxf1 Bf4+ 45. Kg1 Qa3 46. Re1 Rxh3 47.
Qf2 Qe7 0-1

[Event "Open A Befana"]
[Site "Milano ITA"]
[Date "2011.01.03"]
[Round "3"]
[White "Morselli, Stefano"]
[Black "Cazzaniga, Walter"]
[Result "1-0"]
[WhiteElo "1894"]
[BlackElo "2092"]
[PlyCount "77"]
[EventDate "2011.01.02"]

1. Nf3 Nf6 2. g3 g6 3. Bg2 Bg7 4. d3 d5 5. O-O O-O 6. Re1 c5 7. Nbd2 Nc6 8. e4
b6 9. c3 dxe4 10. dxe4 Bb7 11. Qc2 Qc7 12. Nc4 b5 13. Bf4 Qc8 14. Ncd2 Nh5 15.
Be3 c4 16. b3 cxb3 17. Qxb3 b4 18. cxb4 Bxa1 19. Rxa1 a5 20. b5 Nd8 21. Ng5 h6
22. Bh3 Qc7 23. Ngf3 Kh7 24. b6 Qc6 25. Ne5 Qf6 26. Bd4 Nc6 27. Nxc6 Qxc6 28.
Qb2 Rad8 29. Rc1 Qd6 30. Be3 f5 31. Rc7 Rd7 32. Qc2 Rxc7 33. Qxc7 Rc8 34. Qxb7
Rc1+ 35. Kg2 f4 36. gxf4 Nxf4+ 37. Bxf4 Qxf4 38. Qxe7+ Kh8 39. b7 1-0

[Event "Open A Befana"]
[Site "Milano ITA"]
[Date "2011.01.03"]
[Round "3"]
[White "Murli, Almerico"]
[Black "Guzzetti, Luigi Enrico"]
[Result "0-1"]
[WhiteElo "1821"]
[BlackElo "1952"]
[PlyCount "74"]
[EventDate "2011.01.02"]

1. e4 c5 2. Nf3 e6 3. d4 cxd4 4. Nxd4 a6 5. Bd3 Nf6 6. O-O Qc7 7. c4 Nc6 8.
Nxc6 bxc6 9. Nc3 Be7 10. Be3 O-O 11. Rc1 Rd8 12. Qe2 c5 13. Rfd1 Bb7 14. f3 d6
15. Bg5 Nh5 16. Be3 g6 17. Bb1 Re8 18. Qf2 Bf8 19. Rd2 Bg7 20. Ne2 Qb6 21. g4
Nf6 22. e5 dxe5 23. g5 Nh5 24. Bxc5 Qc7 25. Bb6 Qe7 26. h4 Bc6 27. Be4 Rec8 28.
Bxc6 Rxc6 29. c5 h6 30. Rcd1 hxg5 31. Rd7 Qf6 32. Bd8 Qf5 33. hxg5 Kh7 34. Rb7
Rxd8 35. Rxd8 Qxg5+ 36. Qg2 Qxd8 37. Rxf7 Rxc5 0-1

[Event "Open A Befana"]
[Site "Milano ITA"]
[Date "2011.01.03"]
[Round "3"]
[White "Petrini, Roberto"]
[Black "Salmoiraghi, Angelo"]
[Result "1/2-1/2"]
[WhiteElo "2033"]
[BlackElo "2155"]
[PlyCount "50"]
[EventDate "2011.01.02"]

1. e4 e5 2. Nf3 Nc6 3. d4 exd4 4. Bc4 Bc5 5. c3 Nf6 6. cxd4 Bb4+ 7. Bd2 Bxd2+
8. Nbxd2 d5 9. exd5 Nxd5 10. Qb3 Nce7 11. O-O c6 12. Rfe1 O-O 13. a4 a5 14. Ne4
Nb6 15. Nc5 Nxc4 16. Qxc4 b6 17. Nd3 Be6 18. Rxe6 fxe6 19. Qxe6+ Kh8 20. Nde5
Qe8 21. Ng5 Ng6 22. Nef7+ Rxf7 23. Nxf7+ Kg8 24. Nh6+ Kh8 25. Nf7+ Kg8 1/2-1/2

[Event "Open A Befana"]
[Site "Milano ITA"]
[Date "2011.01.03"]
[Round "3"]
[White "Petrone, Gianmario"]
[Black "Illyuviev, Oleg"]
[Result "1-0"]
[WhiteElo "1814"]
[BlackElo "1987"]
[PlyCount "55"]
[EventDate "2011.01.02"]

1. e4 c5 2. Nf3 Nc6 3. d4 cxd4 4. Nxd4 Nf6 5. Nc3 g6 6. Be3 d6 7. f3 Bg7 8. Qd2
O-O 9. O-O-O a5 10. g4 a4 11. h4 a3 12. b3 h5 13. gxh5 Nxh5 14. Be2 Bd7 15. f4
Nxf4 16. h5 gxh5 17. Bxf4 Nxd4 18. Rdg1 Nxe2+ 19. Nxe2 Bg4 20. Bh6 Qa5 21. Bxg7
Qxd2+ 22. Kxd2 Kxg7 23. Rxh5 Rh8 24. Rxg4+ Kf6 25. Rgh4 Rhg8 26. Rf5+ Ke6 27.
Nf4+ Kd7 28. Rxf7 1-0

[Event "Open A Befana"]
[Site "Milano ITA"]
[Date "2011.01.03"]
[Round "3"]
[White "Quagliarella, Sabino Remo"]
[Black "Arboscelli, Gregorio"]
[Result "1/2-1/2"]
[WhiteElo "1926"]
[BlackElo "1906"]
[PlyCount "154"]
[EventDate "2011.01.02"]

1. d4 Nf6 2. Nf3 d5 3. c4 e6 4. Bg5 c5 5. e3 Qa5+ 6. Qd2 Qxd2+ 7. Nbxd2 Nc6 8.
Bxf6 gxf6 9. cxd5 exd5 10. dxc5 Bxc5 11. Rc1 Bb6 12. Bd3 Bg4 13. O-O h5 14. h3
Be6 15. a3 Ke7 16. Nh4 Rhg8 17. Kh1 Ne5 18. Nf5+ Kf8 19. Bb1 Bxf5 20. Bxf5 Kg7
21. Rc2 Ng6 22. Nf3 h4 23. Rfc1 Ne7 24. Bd3 a6 25. e4 dxe4 26. Bxe4 Rab8 27.
Kg1 f5 28. Bd3 Kf6 29. Rc4 Rbd8 30. Bb1 Ng6 31. Kf1 Ne5 32. Rf4 Nd3 33. Bxd3
Rxd3 34. Rb4 Rd6 35. Nxh4 Rgd8 36. Nf3 R8d7 37. Rbc4 Ba5 38. b4 Bb6 39. a4 a5
40. b5 Rd3 41. R4c3 Rd1+ 42. Ke2 Rxc1 43. Rxc1 Re7+ 44. Kf1 Re4 45. Ra1 Rc4 46.
Ra2 Bc5 47. g3 b6 48. Kg2 Bd6 49. Nd2 Rd4 50. h4 Bb4 51. Nf3 Rc4 52. Ng5 Kg6
53. Nh3 Bd6 54. Ng5 Bc5 55. Nf3 Re4 56. Nd2 Re2 57. Rc2 Rxf2+ 58. Kh3 f6 59.
Rxc5 Rxd2 60. Rc6 Rd4 61. Rxb6 Rxa4 62. Rb8 Rb4 63. b6 a4 64. b7 Kh7 65. h5 a3
66. Ra8 Rxb7 67. Rxa3 Kh6 68. Ra8 Kxh5 69. Rg8 Rb3 70. Kg2 Kh6 71. Kf2 Kh5 72.
Re8 Kg6 73. Kg2 Kf7 74. Rc8 Kg7 75. Rc4 Kg6 76. Kh2 Kg5 77. Kh3 Rd3 1/2-1/2

[Event "Open A Befana"]
[Site "Milano ITA"]
[Date "2011.01.03"]
[Round "3"]
[White "Vezzosi, Paolo"]
[Black "Andreoni, Giuseppe"]
[Result "1-0"]
[WhiteElo "2383"]
[BlackElo "2050"]
[PlyCount "45"]
[EventDate "2011.01.02"]

1. d4 Nf6 2. Bg5 e6 3. e4 c5 4. d5 Qb6 5. Nc3 Qxb2 6. Bd2 Qb6 7. f4 exd5 8. e5
d4 9. exf6 dxc3 10. Bxc3 gxf6 11. Bc4 Bg7 12. Qe2+ Kf8 13. Qh5 d5 14. Bxd5 Be6
15. Ne2 Bxd5 16. Qxd5 Qc6 17. Qh5 f5 18. Bxg7+ Kxg7 19. O-O Qg6 20. Qh3 h5 21.
Ng3 Qg4 22. Nxf5+ Kf6 23. Qc3+ 1-0

[Event "Open A Befana"]
[Site "Milano ITA"]
[Date "2011.01.04"]
[Round "4"]
[White "Andreoni, Giuseppe"]
[Black "Petrone, Gianmario"]
[Result "1/2-1/2"]
[WhiteElo "2050"]
[BlackElo "1814"]
[PlyCount "25"]
[EventDate "2011.01.02"]

1. d4 Nf6 2. c4 g6 3. g3 Bg7 4. Bg2 O-O 5. Nf3 d6 6. Nc3 Nc6 7. O-O a6 8. Qd3
Rb8 9. a3 b5 10. cxb5 axb5 11. b4 Bf5 12. e4 Nxe4 13. Nh4 1/2-1/2

[Event "Open A Befana"]
[Site "Milano ITA"]
[Date "2011.01.04"]
[Round "4"]
[White "Arboscelli, Gregorio"]
[Black "Bemporad, Filippo"]
[Result "1/2-1/2"]
[WhiteElo "1906"]
[BlackElo "2057"]
[PlyCount "120"]
[EventDate "2011.01.02"]

1. d4 Nf6 2. c4 e6 3. Nc3 d5 4. Bg5 c6 5. cxd5 cxd5 6. e3 Be7 7. Nf3 O-O 8. Bd3
Nc6 9. Rc1 Bd7 10. O-O Rc8 11. Qe2 a6 12. Ne5 Ne8 13. Bf4 f5 14. h3 Nf6 15.
Nxc6 Bxc6 16. Be5 Nd7 17. Bf4 g5 18. Bh2 Nf6 19. f4 g4 20. Nd1 Kh8 21. hxg4
Nxg4 22. Nf2 Rg8 23. Qf3 Qf8 24. Nxg4 Rxg4 25. Be2 Qh6 26. g3 Rcg8 27. Qg2 R4g7
28. Bxa6 Bh4 29. Kf2 e5 30. dxe5 bxa6 31. Rg1 Bb7 32. Qh3 Bg5 33. Qxh6 Bxh6 34.
Rc5 Rd7 35. Rgc1 Bf8 36. Rc7 Rgg7 37. Rxd7 Rxd7 38. g4 fxg4 39. e6 Re7 40. f5
Bg7 41. Bd6 Re8 42. Rc7 Bc8 43. b4 Bf6 44. Rf7 Bh4+ 45. Kg2 Bxe6 46. fxe6 Rxe6
47. Bc5 Kg8 48. Rf8+ Kg7 49. Rf5 Kg6 50. Rxd5 Bg5 51. Rd3 h5 52. a4 Be7 53. Kg3
Bxc5 54. bxc5 Re5 55. Rc3 Kg5 56. c6 h4+ 57. Kg2 Re8 58. c7 Rc8 59. Rc5+ Kg6
60. Rc4 Kf5 1/2-1/2

[Event "Open A Befana"]
[Site "Milano ITA"]
[Date "2011.01.04"]
[Round "4"]
[White "Bisignano, Giuseppe"]
[Black "Petrini, Roberto"]
[Result "1/2-1/2"]
[WhiteElo "1929"]
[BlackElo "2033"]
[PlyCount "98"]
[EventDate "2011.01.02"]

1. e4 d6 2. d4 Nf6 3. Nc3 g6 4. Nf3 Bg7 5. Bd3 O-O 6. Bf4 Bg4 7. h3 Nh5 8. Be3
Bxf3 9. Qxf3 Nc6 10. g4 Nf6 11. O-O-O Nd7 12. Bc4 Nb6 13. Bb3 Na5 14. h4 Nxb3+
15. axb3 h6 16. h5 g5 17. d5 e6 18. Bd4 a5 19. Bxg7 Kxg7 20. Nb5 a4 21. Qc3+ e5
22. Qxc7 axb3 23. Qxd8 Rfxd8 24. cxb3 Ra5 25. Na3 Nd7 26. Rhe1 Rc8+ 27. Kb1 Kf8
28. Rc1 Rac5 29. Nc4 Nf6 30. f3 Ne8 31. Ne3 Ng7 32. b4 Rxc1+ 33. Rxc1 Rxc1+ 34.
Kxc1 b5 35. Kd2 Ke7 36. Kc3 Kd7 37. b3 Kc7 38. Kd3 Kd7 39. Nd1 Ne8 40. Nc3 Nc7
41. Ne2 Ne8 42. Kc3 Ke7 43. Nc1 Kd7 44. Nd3 Kc7 45. Nc5 Ng7 46. Nd3 Kd7 47. Nf2
Ke7 48. Nh3 Kf6 49. Kd3 Ne8 1/2-1/2

[Event "Open A Befana"]
[Site "Milano ITA"]
[Date "2011.01.04"]
[Round "4"]
[White "Cani, Gazmir"]
[Black "Vezzosi, Paolo"]
[Result "1/2-1/2"]
[WhiteElo "2115"]
[BlackElo "2383"]
[PlyCount "105"]
[EventDate "2011.01.02"]

1. d4 e6 2. c4 f5 3. Nf3 Nf6 4. g3 d5 5. Bg2 c6 6. O-O Bd6 7. Qc2 O-O 8. Bf4
Bxf4 9. gxf4 Ne4 10. Nbd2 Nd7 11. Rfe1 a5 12. b3 Qe7 13. Qc1 b6 14. Rd1 Bb7 15.
Nf1 Rac8 16. Qe3 Rfd8 17. Ng3 h6 18. Rac1 Ndf6 19. Ne5 Kh7 20. Nxe4 dxe4 21.
Qg3 Qe8 22. c5 b5 23. h3 Rc7 24. Kh2 b4 25. e3 Ba6 26. f3 Be2 27. fxe4 Bxd1 28.
Rxd1 fxe4 29. Rg1 Ra8 30. Nc4 Re7 31. Nd6 Qh5 32. Nxe4 Rf8 33. Bf3 Nxe4 34.
Bxe4+ Kh8 35. Qg6 Qxg6 36. Rxg6 Rc8 37. h4 Kg8 38. Bd3 Ra8 39. Bc4 a4 40. bxa4
Rxa4 41. f5 Kh7 42. Bxe6 Ra3 43. Bb3 Rxe3 44. Rxc6 Ra8 45. Re6 Rc3 46. h5 Rd8
47. Rd6 Rxd6 48. cxd6 Rc6 49. Be6 Rxd6 50. d5 Ra6 51. d6 Rxd6 52. Kg3 Rd4 53.
Kf3 1/2-1/2

[Event "Open A Befana"]
[Site "Milano ITA"]
[Date "2011.01.04"]
[Round "4"]
[White "Cattaneo, Marco"]
[Black "Astengo, Marcello"]
[Result "1-0"]
[WhiteElo "1948"]
[BlackElo "2118"]
[PlyCount "90"]
[EventDate "2011.01.02"]

1. d4 d5 2. c4 c6 3. Nc3 e6 4. e4 dxe4 5. Nxe4 Bb4+ 6. Bd2 Bxd2+ 7. Qxd2 Nf6 8.
Nxf6+ Qxf6 9. Nf3 O-O 10. Bd3 Nd7 11. O-O b6 12. Qc2 g6 13. c5 bxc5 14. dxc5
Rb8 15. b3 Bb7 16. Rac1 Rfe8 17. Nd2 Red8 18. Ne4 Qe7 19. b4 Nf6 20. Nxf6+ Qxf6
21. Rfd1 Rd4 22. a3 Rbd8 23. Be2 e5 24. Rxd4 Rxd4 25. Rd1 Qd8 26. Rxd4 Qxd4 27.
Qa4 Qd2 28. Bf1 a6 29. Qa5 Qd7 30. Bxa6 Bxa6 31. Qxa6 Qd1+ 32. Qf1 Qb3 33. Qa1
e4 34. Qc1 f5 35. h3 Kg7 36. Qe3 Qb2 37. g4 Kf6 38. gxf5 Qb1+ 39. Kg2 gxf5 40.
Qh6+ Kf7 41. Qxh7+ Kf6 42. Qh6+ Kf7 43. Qxc6 Qc1 44. Qd7+ Kg6 45. Qe6+ Kg5 1-0

[Event "Open A Befana"]
[Site "Milano ITA"]
[Date "2011.01.04"]
[Round "4"]
[White "Cazzaniga, Walter"]
[Black "Barberi, Alessandro"]
[Result "1/2-1/2"]
[WhiteElo "2092"]
[BlackElo "2084"]
[PlyCount "42"]
[EventDate "2011.01.02"]

1. d4 g6 2. Nf3 Bg7 3. c4 f5 4. g3 Nf6 5. Bg2 d6 6. O-O O-O 7. Nc3 c6 8. Qc2
Qc7 9. b3 e5 10. dxe5 dxe5 11. Ba3 c5 12. Rad1 Na6 13. e4 Bd7 14. Nb5 Qa5 15.
Nxe5 Bxb5 16. cxb5 Qxa3 17. Qc4+ Kh8 18. bxa6 b5 19. Nf7+ Kg8 20. Nh6+ Kh8 21.
Nf7+ Kg8 1/2-1/2

[Event "Open A Befana"]
[Site "Milano ITA"]
[Date "2011.01.04"]
[Round "4"]
[White "Deghi, Donatello"]
[Black "Gori, Andrea"]
[Result "0-1"]
[WhiteElo "1822"]
[BlackElo "2099"]
[PlyCount "120"]
[EventDate "2011.01.02"]

1. d4 Nf6 2. Bg5 d5 3. Bxf6 exf6 4. e3 Bd6 5. Bd3 Be6 6. Nf3 Nd7 7. O-O f5 8.
Nbd2 g5 9. Ne1 Qf6 10. c3 Qh6 11. g3 Nf6 12. Nef3 O-O 13. h4 gxh4 14. Nxh4 Ne4
15. Ndf3 Kh8 16. Kg2 Rg8 17. Rh1 Bxg3 18. Bxe4 Bxh4+ 19. Kf1 fxe4 20. Rxh4 Bh3+
21. Ke1 Rg1+ 22. Nxg1 Qxh4 23. Nxh3 Qxh3 24. Qe2 Qh1+ 25. Qf1 Qf3 26. Qe2 Rg8
27. Qxf3 exf3 28. Kd2 Rg2 29. Rf1 h5 30. b3 Kg7 31. c4 h4 32. cxd5 h3 33. e4 h2
34. Rh1 Rxf2+ 35. Ke3 Rxa2 36. Kxf3 Kg6 37. Kf4 Kf6 38. e5+ Kg6 39. d6 cxd6 40.
exd6 Kf6 41. d5 Ra6 42. Rxh2 Rxd6 43. Ke4 Rb6 44. Rb2 Rb4+ 45. Kd3 Ke5 46. Kc3
Rf4 47. Rd2 Kd6 48. b4 a6 49. Rd1 Rf5 50. Rh1 Kxd5 51. Rd1+ Kc6 52. Rd8 Kb5 53.
Rd7 b6 54. Rb7 Rf3+ 55. Kb2 f5 56. Kc2 Rf4 57. Kd3 Rxb4 58. Re7 f4 59. Re5+ Ka4
60. Re6 f3 0-1

[Event "Open A Befana"]
[Site "Milano ITA"]
[Date "2011.01.04"]
[Round "4"]
[White "Gaggino, Davide"]
[Black "Attuati, Stefano"]
[Result "0-1"]
[WhiteElo "1905"]
[BlackElo "1983"]
[PlyCount "72"]
[EventDate "2011.01.02"]

1. b3 e5 2. Bb2 d6 3. e3 Nf6 4. Ne2 Be7 5. h3 O-O 6. d3 c6 7. Nd2 Nbd7 8. g4
Nd5 9. Bg2 f5 10. e4 Ne3 11. fxe3 Bh4+ 12. Kf1 fxg4+ 13. Kg1 Bf2+ 14. Kh2 Qh4
15. Nf1 gxh3 16. Bxh3 Bg1+ 17. Rxg1 Nf6 18. Nf4 exf4 19. Qf3 h5 20. Bxf6 Rxf6
21. e5 dxe5 22. Qg2 Rg6 23. Qf3 Bxh3 24. Qxh3 Qxh3+ 25. Kxh3 Rxg1 26. Kh2 Rg6
27. exf4 exf4 28. Re1 Kf7 29. Nd2 Re8 30. Ne4 Kf8 31. Rf1 Rg4 32. Rf3 g5 33.
Rf2 Kg7 34. Kh1 Rf8 35. Nd6 f3 36. Ne4 Rxe4 0-1

[Event "Open A Befana"]
[Site "Milano ITA"]
[Date "2011.01.04"]
[Round "4"]
[White "Illyuviev, Oleg"]
[Black "Quagliarella, Sabino Remo"]
[Result "1-0"]
[WhiteElo "1987"]
[BlackElo "1926"]
[PlyCount "93"]
[EventDate "2011.01.02"]

1. c4 e5 2. Nc3 Nf6 3. Nf3 Nc6 4. g3 d6 5. d3 Be7 6. Bg2 h6 7. Nd5 Be6 8. e4
Qd7 9. Bd2 Bg4 10. Ne3 Bh5 11. Nf5 Bf8 12. Bh3 Qd8 13. Rg1 Bxf3 14. Qxf3 g6 15.
Ne3 Nd4 16. Qg2 c6 17. Bc3 h5 18. f4 Bh6 19. Rf1 Ng4 20. Bxg4 hxg4 21. Nxg4 Bg7
22. Bxd4 exd4 23. h4 Qd7 24. f5 gxf5 25. Rxf5 Qe6 26. O-O-O O-O-O 27. Rdf1 Rd7
28. Qf3 Rf8 29. Kc2 Rc7 30. Nf6 Bh6 31. a4 a6 32. a5 Be3 33. Ng4 d5 34. exd5
cxd5 35. Qxd5 Qe8 36. Nxe3 dxe3 37. Re5 Qa4+ 38. Kc3 Rd8 39. Qe4 Rcd7 40. Qf5
b5 41. axb6 e2 42. Rxe2 a5 43. Re5 Qb4+ 44. Kc2 Qa4+ 45. Kb1 Kb8 46. Rxa5 Qc6
47. Qc5 1-0

[Event "Open A Befana"]
[Site "Milano ITA"]
[Date "2011.01.04"]
[Round "4"]
[White "Pelizzola, Danilo"]
[Black "Guzzetti, Luigi Enrico"]
[Result "1-0"]
[WhiteElo "2061"]
[BlackElo "1952"]
[PlyCount "81"]
[EventDate "2011.01.02"]

1. e4 c5 2. Nf3 e6 3. d4 cxd4 4. Nxd4 a6 5. Be3 Nf6 6. Nd2 Qc7 7. g3 Be7 8. Bg2
Nc6 9. O-O O-O 10. c3 d6 11. Qe2 e5 12. Nxc6 bxc6 13. h3 a5 14. Rfe1 Ba6 15.
Qd1 Rab8 16. Qc2 d5 17. Rad1 dxe4 18. Nxe4 Nd5 19. Ng5 Bxg5 20. Bxg5 f6 21. Bc1
Rfd8 22. h4 Qf7 23. b3 Re8 24. Qd2 Bb7 25. c4 Nc7 26. f4 Qg6 27. Qf2 e4 28. f5
Qg4 29. Rd7 Na6 30. Kh2 Ba8 31. Bh3 Qf3 32. Qa7 Rb7 33. Rxb7 Bxb7 34. Bg2 Qc3
35. Re2 Qxc1 36. Qxb7 Nb4 37. Qd7 Rf8 38. Bxe4 Qf1 39. Qe6+ Kh8 40. Bg2 Qb1 41.
Qf7 1-0

[Event "Open A Befana"]
[Site "Milano ITA"]
[Date "2011.01.04"]
[Round "4"]
[White "Quaranta, Cristiano"]
[Black "Astengo, Corrado"]
[Result "1/2-1/2"]
[WhiteElo "2134"]
[BlackElo "2146"]
[PlyCount "20"]
[EventDate "2011.01.02"]

1. d4 d5 2. c4 c6 3. Nf3 Nf6 4. e3 e6 5. b3 Nbd7 6. Bb2 Bb4+ 7. Nbd2 O-O 8. a3
Bd6 9. Bd3 c5 10. cxd5 exd5 1/2-1/2

[Event "Open A Befana"]
[Site "Milano ITA"]
[Date "2011.01.04"]
[Round "4"]
[White "Salmoiraghi, Angelo"]
[Black "Morselli, Stefano"]
[Result "1-0"]
[WhiteElo "2155"]
[BlackElo "1894"]
[PlyCount "41"]
[EventDate "2011.01.02"]

1. d4 Nf6 2. c4 e5 3. dxe5 Ne4 4. a3 Nc6 5. Nf3 b6 6. Qc2 d5 7. exd6 Nxd6 8. e3
Be7 9. b3 Bf6 10. Nc3 O-O 11. Bb2 Bf5 12. Bd3 Bxd3 13. Qxd3 Re8 14. O-O Qd7 15.
Rad1 Qe6 16. Nd5 Bxb2 17. Nxc7 Qe7 18. Qxd6 Bxa3 19. Qxc6 Rac8 20. Rd7 Qb4 21.
Qd5 1-0

[Event "Open A Befana"]
[Site "Milano ITA"]
[Date "2011.01.05"]
[Round "5"]
[White "Astengo, Corrado"]
[Black "Bisignano, Giuseppe"]
[Result "1-0"]
[WhiteElo "2146"]
[BlackElo "1929"]
[PlyCount "49"]
[EventDate "2011.01.02"]

1. e4 e5 2. Nf3 Nc6 3. Bc4 Nf6 4. d4 exd4 5. e5 d5 6. Bb5 Ne4 7. Nxd4 Bc5 8.
Be3 Bd7 9. Bxc6 bxc6 10. O-O Bxd4 11. Qxd4 O-O 12. f3 Ng5 13. f4 Ne4 14. f5 Re8
15. f6 g6 16. Nc3 Bf5 17. Rad1 Qc8 18. Bf4 Qb7 19. Nxe4 Bxe4 20. Qc3 Rab8 21.
Qh3 Qb4 22. c3 Qc5+ 23. Be3 Qf8 24. b4 Kh8 25. Bh6 1-0

[Event "Open A Befana"]
[Site "Milano ITA"]
[Date "2011.01.05"]
[Round "5"]
[White "Astengo, Marcello"]
[Black "Illyuviev, Oleg"]
[Result "1-0"]
[WhiteElo "2118"]
[BlackElo "1987"]
[PlyCount "75"]
[EventDate "2011.01.02"]

1. d4 d5 2. c4 Nc6 3. Nc3 dxc4 4. e3 e5 5. d5 Nce7 6. Bxc4 Ng6 7. Nf3 Bd6 8.
O-O Nf6 9. e4 O-O 10. Bg5 a6 11. Rc1 h6 12. Bxf6 Qxf6 13. g3 Bh3 14. Re1 Bc5
15. Bf1 Bg4 16. Bg2 b5 17. h3 Bd7 18. a3 Qb6 19. Qc2 Bd6 20. Red1 Ne7 21. Ne1
a5 22. Nd3 h5 23. Nb1 f5 24. Nc5 Bc8 25. Ne6 Bxe6 26. dxe6 f4 27. Kh2 Rf6 28.
Rd2 Rxe6 29. Qb3 Kf7 30. gxf4 a4 31. Qa2 exf4 32. e5 Bc5 33. Bxa8 Bxf2 34. Bf3
Qe3 35. Kg2 Be1 36. Rc3 Qxe5 37. Re2 Bxc3 38. Nxc3 1-0

[Event "Open A Befana"]
[Site "Milano ITA"]
[Date "2011.01.05"]
[Round "5"]
[White "Attuati, Stefano"]
[Black "Murli, Almerico"]
[Result "1-0"]
[WhiteElo "1983"]
[BlackElo "1821"]
[PlyCount "44"]
[EventDate "2011.01.02"]

1. e4 g6 2. d4 Bg7 3. Nc3 c6 4. Be3 Qb6 5. a3 d6 6. Bc4 Qc7 7. f4 b5 8. Ba2 Nf6
9. h3 e6 10. Nge2 Bb7 11. Qd2 a5 12. e5 dxe5 13. fxe5 Nd5 14. Ne4 O-O 15. Bh6
Nd7 16. O-O c5 17. Bxd5 Bxd5 18. Nf6+ Kh8 19. Rf4 Nxe5 20. dxe5 Qxe5 21. Bxg7+
Kxg7 22. Nd7 Qg5 1-0

[Event "Open A Befana"]
[Site "Milano ITA"]
[Date "2011.01.05"]
[Round "5"]
[White "Barberi, Alessandro"]
[Black "Quaranta, Cristiano"]
[Result "1/2-1/2"]
[WhiteElo "2084"]
[BlackElo "2134"]
[PlyCount "64"]
[EventDate "2011.01.02"]

1. d4 e6 2. Nf3 b6 3. e4 Bb7 4. Bd3 c5 5. c3 Nf6 6. Qe2 Be7 7. O-O d6 8. Rd1
Qc7 9. Nbd2 Nbd7 10. Nf1 c4 11. Bc2 b5 12. Ne1 Qc6 13. f3 h6 14. g4 Nf8 15. Ng3
g5 16. Ng2 Rg8 17. d5 Qc7 18. dxe6 fxe6 19. a4 a6 20. axb5 axb5 21. Rxa8+ Bxa8
22. b3 N8d7 23. bxc4 bxc4 24. f4 gxf4 25. Nxf4 Nxg4 26. Nxe6 Qb6+ 27. Kg2 h5
28. Rf1 h4 29. Qxc4 h3+ 30. Kh1 Nf2+ 31. Rxf2 Qxf2 32. Nc7+ Kd8 1/2-1/2